Exposición del Libro de Job /
I tiakina i:
| Kaituhi matua: | |
|---|---|
| Hōputu: | Tāhiko īPukapuka |
| Reo: | Pāniora |
| I whakaputaina: |
Barcelona :
www.Linkgua.com,
2011.
|
| Rangatū: | Extasis. (Linkgua Ediciones)
|
| Ngā marau: | |
| Urunga tuihono: | Digitalia Hispánica |
| Tags: |
Tāpirihia he Tūtohu
No Tags, Be the first to tag this record!
|
MARC
| LEADER | 00000nam a2200000Ii 4500 | ||
|---|---|---|---|
| 001 | DIGLINK00777 | ||
| 003 | NyNyDIG | ||
| 006 | m o d | ||
| 007 | cr ||||||||||| | ||
| 008 | 140301s2011 sp o 000 0 spa d | ||
| 020 | |a 9788498979862 |q (eBook) | ||
| 020 | |z 9788498163476 | ||
| 040 | |a DGITA |b eng |e pn |c DGITA | ||
| 050 | 1 | 4 | |a BS1415 eBook |
| 100 | 1 | |a León, Luis de, |d 1527-1591. | |
| 245 | 1 | 0 | |a Exposición del Libro de Job / |c Fray Luis de León. |
| 264 | 1 | |a Barcelona : |b www.Linkgua.com, |c 2011. | |
| 300 | |a 1 online resource (532 pages) | ||
| 336 | |a text |b txt |2 rdacontent | ||
| 337 | |a computer |b c |2 rdamedia | ||
| 338 | |a online resource |b cr |2 rdacarrier | ||
| 490 | 1 | |a Extasis. | |
| 630 | 0 | 0 | |a Bible. |p O.T. |p Job |x Commentaries |v Early works to 1800. |
| 655 | 0 | |a Electronic books. | |
| 791 | 2 | |a Digitalia (Firm), |e distributor. | |
| 830 | 0 | |a Extasis. (Linkgua Ediciones) | |
| 793 | 0 | |g Digitalia eBook Collection: |a Linkgua. | |
| 856 | 4 | 0 | |3 Digitalia Hispánica |u https://digitalia.unach.elogim.com/a/16856/ |
| 910 | |a Premium Collection: 2007-2012 | ||